Securities analysis and porfolio management (Record no. 6915)

MARC details
000 -LEADER
fixed length control field 00852 a2200205 4500
005 - DATE AND TIME OF LATEST TRANSACTION
control field 20080912160442.0
008 - FIXED-LENGTH DATA ELEMENTS--GENERAL INFORMATION
fixed length control field 080912t xxu||||| |||| 00| 0 eng d
010 ## - LIBRARY OF CONGRESS CONTROL NUMBER
LC control number ENG-87766
020 ## - INTERNATIONAL STANDARD BOOK NUMBER
Terms of availability 298.00
International Standard Book Number 8183184243
035 ## - SYSTEM CONTROL NUMBER
System control number EN-71299
037 ## - SOURCE OF ACQUISITION
Source of stock number/acquisition D.B.Act / Pub
082 ## - DEWEY DECIMAL CLASSIFICATION NUMBER
Classification number 332.6
100 ## - MAIN ENTRY--PERSONAL NAME
Personal name Avadhani, V. A.
245 ## - TITLE STATEMENT
Title Securities analysis and porfolio management
Statement of responsibility, etc by V. A. Avadhani
260 ## - PUBLICATION, DISTRIBUTION, ETC. (IMPRINT)
Place of publication, distribution, etc Mumbai
Name of publisher, distributor, etc Himalaya Publishing House
Date of publication, distribution, etc 2007 (repr)
270 ## - ADDRESS
Address "Ramdoot", Dr. Bhalerao Marg, (Kelewadi), Girgaon
City Mumbai
Postal code 400 004
Telephone number 022-23860170, 022-23863863
Electronic mail address himpub@vsnl.com
300 ## - PHYSICAL DESCRIPTION
Extent 582 p.
Dimensions 24 cm. (Pbk)
942 ## - ADDED ENTRY ELEMENTS (KOHA)
Institution code [OBSOLETE] dpl
Koha item type English Books
Call number prefix 332.6 / AVA
Source of classification or shelving scheme Dewey Decimal Classification
Classification part 332.6
Call number suffix AVA
Holdings
Withdrawn status Lost status Damaged status Not for loan Collection code Home library Current library Date acquired Cost, normal purchase price Total Checkouts Full call number Barcode Date last seen Copy number Uniform Resource Identifier Cost, replacement price Price effective from Koha item type
      Not For Loan Non-fiction D.B.Act.Division D.B.Act.Division 12/09/2008 298.00   332.6 AVA EN-71299 15/09/2008 1 7423 298.00 15/09/2008 English Books

© Delhi Public Library
Hit Counter
free hit counter